[Event "Barcelona Tres Peons-C 47th"]
[Site "Barcelona"]
[Date "2018.04.27"]
[Round "1.2"]
[White "Perez Serrallonga, Maxima"]
[Black "Membrives Cano, Diego"]
[Result "0-1"]
[WhiteElo "1390"]
[BlackElo "1266"]
[PlyCount "79"]
[EventDate "2018.04.27"]
[EventType "tourn"]
[EventRounds "9"]
[EventCountry "ESP"]
[SourceTitle "EXT 2024"]
[Source "ChessBase"]
[SourceDate "2023.10.10"]
[SourceVersion "1"]
[SourceVersionDate "2023.10.10"]
[SourceQuality "1"]

1. e4 d6 2. Nf3 Nf6 3. Nc3 e5 4. d4 Nbd7 5. Bc4 Be7 6. 0-0 0-0 7. h3 c6 8. d5 b5 9. Be2 Nc5 10. b4 Ncxe4 11. Nxe4 Nxe4 12. dxc6 Qb6 13. Be3 Qxc6 14. Qc1 f5 15. Bd3 f4 16. Bxe4 Qxe4 17. Bd2 Qg6 18. c4 Bxh3 19. g3 fxg3 20. Ng5 Bxg5 21. Bxg5 Qe4 22. f3 Rxf3 23. Rxf3 Qxf3 24. Qd2 Rf8 25. Qd5+ Qxd5 26. cxd5 Rf2 27. Be3 Rh2 28. Rc1 Bg2 29. Rc2 Bxd5 30. Rxh2 gxh2+ 31. Kxh2 Bxa2 32. Bxa7 Kf7 33. Kg3 e4 34. Kf2 d5 35. Bd4 g6 36. Ke3 Bb1 37. Ke2 h5 38. Kf1 Ke6 39. Kg2 Kf5 40. Kg3 0-1

[Event "Foment Martinenc op-C 19st"]
[Site "Barcelona"]
[Date "2017.06.17"]
[Round "9.32"]
[White "Perez Serrallonga, Maxima"]
[Black "Tordera Jumilla, Joaquim"]
[Result "0-1"]
[WhiteElo "1647"]
[BlackElo "1377"]
[PlyCount "103"]
[EventDate "2017.04.22"]
[EventType "swiss"]
[EventRounds "9"]
[EventCountry "ESP"]
[SourceTitle "EXT 2024"]
[Source "ChessBase"]
[SourceDate "2023.10.10"]
[SourceVersion "1"]
[SourceVersionDate "2023.10.10"]
[SourceQuality "1"]

1. d4 Nf6 2. c4 e6 3. e3 Be7 4. Nc3 0-0 5. Nf3 c5 6. d5 d6 7. Bd3 e5 8. e4 a6 9. 0-0 Bg4 10. Be2 Qb6 11. h3 Bxf3 12. Bxf3 Nbd7 13. b3 Rab8 14. Bg5 Qd8 15. Ne2 h6 16. Bxf6 Bxf6 17. Ng3 g6 18. Qd2 Bg7 19. Rab1 b5 20. cxb5 axb5 21. b4 c4 22. Ne2 f5 23. exf5 Rxf5 24. Be4 Rf6 25. Qc2 Qe8 26. Nc3 Nb6 27. a3 Ra8 28. Ra1 Na4 29. Nxa4 Rxa4 30. Qc3 Rf4 31. Bc2 e4 32. Qe3 Rf8 33. Bxa4 Bxa1 34. Rxa1 bxa4 35. Qxh6 Qf7 36. Qe3 Qxd5 37. Re1 Re8 38. f3 Kh7 39. Qa7+ Kh6 40. Qxa4 Qd4+ 41. Kh1 Re5 42. Qd1 Qxd1 43. Rxd1 d5 44. fxe4 dxe4 45. Kg1 e3 46. Rc1 Rf5 47. Rxc4 e2 48. Re4 Rf1+ 49. Kh2 e1Q 50. Rxe1 Rxe1 51. a4 Re4 52. Kg3 0-1

[Event "Barcelona Tres Peons-C 46th"]
[Site "Barcelona"]
[Date "2017.06.02"]
[Round "7.5"]
[White "Pardines Gracia, Cristian"]
[Black "Perez Serrallonga, Maxima"]
[Result "1-0"]
[WhiteElo "1694"]
[BlackElo "1366"]
[PlyCount "51"]
[EventDate "2017.04.21"]
[EventType "swiss"]
[EventRounds "9"]
[EventCountry "ESP"]
[SourceTitle "EXT 2024"]
[Source "ChessBase"]
[SourceDate "2023.10.10"]
[SourceVersion "1"]
[SourceVersionDate "2023.10.10"]
[SourceQuality "1"]

1. e4 c6 2. Bc4 d5 3. exd5 cxd5 4. Bb3 e5 5. Nf3 Nc6 6. Nc3 Nf6 7. Qe2 Bg4 8. h3 Bxf3 9. Qxf3 e4 10. Qf5 Nd4 11. Qe5+ Ne6 12. Nxd5 Bd6 13. Nxf6+ gxf6 14. Qxe4 Qd7 15. Ba4 b5 16. Qxa8+ Ke7 17. Qxh8 bxa4 18. Qxh7 Nd4 19. 0-0 Ne2+ 20. Kh1 Nf4 21. Re1+ Kd8 22. d3 Ng6 23. Bd2 Qc6 24. Qxf7 Nh4 25. Qxf6+ Kc7 26. Qxh4 1-0

[Event "Sant Boi City-ch Promocio"]
[Site "Sant Boi de Llobregat"]
[Date "2015.11.28"]
[Round "9.3"]
[White "Perez Serrallonga, Maxima"]
[Black "Tordera Jumilla, Joaquim"]
[Result "0-1"]
[WhiteElo "1739"]
[BlackElo "1494"]
[PlyCount "80"]
[EventDate "2015.10.03"]
[EventType "swiss"]
[EventRounds "9"]
[EventCountry "ESP"]
[SourceTitle "EXT 2024"]
[Source "ChessBase"]
[SourceDate "2023.10.10"]
[SourceVersion "1"]
[SourceVersionDate "2023.10.10"]
[SourceQuality "1"]

1. e4 e5 2. Nf3 Nc6 3. Bc4 Nd4 4. c3 Nxf3+ 5. Qxf3 Qf6 6. Qe3 Nh6 7. h3 a6 8. d4 b5 9. Be2 d6 10. 0-0 Be7 11. b3 Be6 12. d5 Bd7 13. c4 0-0 14. Bd2 c5 15. b4 Rac8 16. a3 Qg6 17. Qd3 f5 18. f3 bxc4 19. Qxc4 Bb5 20. Qb3 Bxe2 21. Rf2 fxe4 22. Rxe2 exf3 23. Rf2 e4 24. Be3 Bh4 25. Nd2 Nf5 26. Nxe4 Nxe3 27. Qxe3 Bxf2+ 28. Qxf2 Qxe4 29. g3 Qd4 30. Re1 Qxf2+ 31. Kxf2 cxb4 32. axb4 Rc2+ 33. Kf1 Rg2 34. Re6 Rxg3 35. Rxd6 f2 36. Re6 Rg1+ 37. Ke2 f1Q+ 38. Kd2 Rg3 39. d6 Qf2+ 40. Re2 Qf3 0-1